000 00828nam a2200217 a 4500
003 CBULib
005 20240731125505.0
008 140415s2013 ||||||||||||||||| || u
040 _aCBULib
_bEnglish
_cCBULib
_dCBULib
_erda
050 _aUNECE(02)2013/3
110 _aUnited Nations Economic Commission for Europe (UNECE)
245 1 0 _a2Aid for trade: resource materials for trade development
_c/by United Nations Economic Commission for Europe [UNECE]
260 _aGeneva:
_bUNITED NATIONS
_c2013
300 _aiii, 31pages.: illustrations
336 _2rdacontent
_aText |
_btxt
337 _2rdamedia
_aUnmediated |
_bn
338 _2rdacarrier
_aVolume
_bnc
650 0 _aUNITED NATIONS ECONOMIC COMMISSION FOR EUROPE--AID FOR TRADE
_93157
942 _2mc
_c029
999 _c33127
_d33127